00347nam a22001217a 450000500170000002000230001703500230004003700130006310000130007624500640008926000470015330000250020020180806144451.0 a8173052735c350.00 aB-164251, B-164250 aDPLbENG aVanamali aNitya Yoga :bThe yoga of constant communion /cby Vanamali aNew DelhibAryan Books Internationalc2004 axiii, 340p.c18 cms.